[Event "L'Isle sur la Sorgue-Montpellier Diagon"]
[Site "L'Isle sur la Sorgue"]
[Date "2007.12.16"]
[Round "4.2"]
[White "Martin Gonzalez, Angel"]
[Black "Moncamp, Gilles"]
[Result "1-0"]
[WhiteElo "2362"]
[BlackElo "2207"]
[PlyCount "85"]
[EventDate "2007.12.16"]

1. e4 e5 2. Nf3 Nc6 3. Bb5 a6 4. Ba4 d6 5. O-O Bg4 6. h3 h5 7. c4 Qf6 8. Qb3
O-O-O 9. Bxc6 bxc6 10. d4 Bxf3 11. dxe5 dxe5 12. Qxf3 Qxf3 13. gxf3 Bc5 14. Nc3
Ne7 15. Na4 Bd4 16. Be3 Ng6 17. Rfd1 Nh4 18. f4 exf4 19. Bxd4 Nf3+ 20. Kg2 Nxd4
21. Nc5 f3+ 22. Kh2 Rhe8 23. Rd3 Ne6 24. Rxd8+ Rxd8 25. Nxe6 fxe6 26. Kg3 Rd4
27. Kxf3 Rxc4 28. Rg1 Rc2 29. Rxg7 Rxb2 30. Re7 Rxa2 31. Rxe6 Kd7 32. Re5 a5
33. Rxh5 a4 34. h4 Kd6 35. Ra5 c5 36. h5 Ra1 37. Kg2 c4 38. h6 c3 39. h7 c2 40.
h8=Q c1=Q 41. Qd4+ Ke7 42. Re5+ Kf7 43. Qd7+ 1-0

[Event "L'Isle sur la Sorgue-Montpellier Diagon"]
[Site "L'Isle sur la Sorgue"]
[Date "2007.12.16"]
[Round "4.3"]
[White "Weill, Roland"]
[Black "Palleja, Xavier"]
[Result "1-0"]
[WhiteElo "2220"]
[BlackElo "2256"]
[PlyCount "66"]
[EventDate "2007.12.16"]

1. Nf3 d5 2. c4 e6 3. g3 c5 4. Bg2 Nf6 5. O-O Be7 6. b3 O-O 7. Bb2 d4 8. e3 Nc6
9. exd4 cxd4 10. d3 e5 11. Na3 Nd7 12. Nc2 f6 13. Nfe1 a5 14. f4 g6 15. Bd5+
Kg7 16. fxe5 fxe5 17. Nf3 Nf6 18. Bxc6 bxc6 19. Nxe5 c5 20. Nc6 Qc7 21. N2xd4
cxd4 22. Nxe7 Qxe7 23. Bxd4 Qd6 24. Bb2 Bh3 25. Rxf6 Rxf6 26. Qf3 Raf8 27. g4
Kg8 28. Bxf6 Rxf6 29. Qe4 Rf4 30. Qa8+ Rf8 31. Qe4 Qf6 32. Qe1 Qd4+ 33. Kh1
Rf1+ 1-0

[Event "L'Isle sur la Sorgue-Montpellier Diagon"]
[Site "L'Isle sur la Sorgue"]
[Date "2007.12.16"]
[Round "4.4"]
[White "Bertrand, Frederic"]
[Black "Tonnaire, Christophe"]
[Result "1-0"]
[WhiteElo "2279"]
[BlackElo "2027"]
[PlyCount "72"]
[EventDate "2007.12.16"]

1. d4 c5 2. d5 e6 3. c4 exd5 4. cxd5 d6 5. Nc3 g6 6. e4 Bg7 7. Be2 Nf6 8. Nf3
O-O 9. O-O a6 10. a4 Re8 11. Nd2 Nbd7 12. f3 Rb8 13. Nc4 Ne5 14. Nxe5 Rxe5 15.
Bc4 b6 16. f4 Re8 17. e5 Ng4 18. h3 Nh6 19. Ne4 dxe5 20. Ng5 e4 21. d6 Bd4+ 22.
Kh1 e3 23. Qb3 Qf6 24. Re1 Qxf4 25. Nxf7 Kg7 26. Rf1 Qh4 27. Nxh6 Kxh6 28. Rf3
Bb7 29. Bxe3+ Bxe3 30. Rxe3 Qf2 31. Rg3 Rbd8 32. Rf1 Re1 33. Rxe1 Qxe1+ 34. Kh2
Rxd6 35. Bg8 Qe5 36. Qf7 Qg7 1-0

[Event "L'Isle sur la Sorgue-Montpellier Diagon"]
[Site "L'Isle sur la Sorgue"]
[Date "2007.12.16"]
[Round "4.5"]
[White "Sibirko, Ivan"]
[Black "Guerin, Gilles"]
[Result "0-1"]
[WhiteElo "2066"]
[BlackElo "2244"]
[PlyCount "39"]
[EventDate "2007.12.16"]

1. d4 Nf6 2. c4 d6 3. Nc3 Nbd7 4. g3 e5 5. Bg2 c6 6. e4 a6 7. Nge2 b5 8. b3 Be7
9. O-O h5 10. f4 h4 11. c5 hxg3 12. cxd6 Bxd6 13. fxe5 Nxe5 14. Bf4 Nh5 15.
Bxe5 Bxe5 16. dxe5 Qh4 17. hxg3 Nxg3 18. Nxg3 Qxg3 19. Qf3 Qh2+ 20. Kf2 0-1

[Event "L'Isle sur la Sorgue-Montpellier Diagon"]
[Site "L'Isle sur la Sorgue"]
[Date "2007.12.16"]
[Round "4.6"]
[White "Vaklinov, Vasil"]
[Black "Vanderbeeken, Mikael"]
[Result "0-1"]
[WhiteElo "2181"]
[BlackElo "2106"]
[PlyCount "63"]
[EventDate "2007.12.16"]

1. e4 e6 2. d3 d5 3. Qe2 Nf6 4. Nf3 Be7 5. g3 c5 6. Bg2 Nc6 7. O-O O-O 8. e5
Nd7 9. c4 a6 10. h4 b5 11. cxd5 exd5 12. Bf4 Nb6 13. Nbd2 Bg4 14. Qe3 Nb4 15.
Rfc1 Bf5 16. Ne1 Rc8 17. a3 Nc6 18. Nef3 Re8 19. d4 Nc4 20. Nxc4 bxc4 21. Rd1
Na5 22. Nd2 Qb6 23. Bxd5 cxd4 24. Qf3 Qg6 25. h5 Qg4 26. Kg2 c3 27. bxc3 dxc3
28. Nb3 Qxf3+ 29. Kxf3 Nxb3 30. Bxb3 c2 31. Re1 Rc3+ 32. Re3 0-1

[Event "L'Isle sur la Sorgue-Montpellier Diagon"]
[Site "L'Isle sur la Sorgue"]
[Date "2007.12.16"]
[Round "4.7"]
[White "Lallement, Victor"]
[Black "Piquemal, Christiane"]
[Result "1-0"]
[WhiteElo "2074"]
[BlackElo "2083"]
[PlyCount "117"]
[EventDate "2007.12.16"]

1. e4 c5 2. Nf3 d6 3. d4 cxd4 4. Nxd4 Nf6 5. Nc3 a6 6. Bc4 e6 7. Bb3 Be7 8. Bg5
O-O 9. f4 b5 10. Qd3 b4 11. Nce2 Nbd7 12. Nc6 Qe8 13. Qd4 e5 14. Qxb4 Nc5 15.
fxe5 dxe5 16. Nxe7+ Qxe7 17. O-O a5 18. Qa3 Ba6 19. Rf2 Qa7 20. Bxf6 Nxe4 21.
Bh4 Bxe2 22. Bd5 Nxf2 23. Bxf2 Qc7 24. Bxa8 Rxa8 25. Qe3 Ba6 26. Re1 f6 27.
Qb3+ Bc4 28. Qc3 Qc6 29. b3 Bd5 30. Qxc6 Bxc6 31. a4 Rd8 32. Be3 Kf7 33. Kf2
Ke6 34. g4 Bb7 35. Bb6 Rd2+ 36. Re2 Rd5 37. Ke3 Ba6 38. Rd2 g6 39. c4 Rxd2 40.
Kxd2 f5 41. gxf5+ gxf5 42. Bxa5 Kd6 43. Bb6 Kc6 44. c5 f4 45. b4 f3 46. b5+
Bxb5 47. axb5+ Kxb5 48. Ke3 e4 49. Ba7 Kc6 50. h3 Kb7 51. Bb6 Kc6 52. Bd8 Kxc5
53. Bh4 Kd5 54. Bg3 h6 55. Bf4 h5 56. Bg3 h4 57. Bxh4 Ke5 58. Bf2 Kf5 59. Bg3
1-0

[Event "L'Isle sur la Sorgue-Montpellier Diagon"]
[Site "L'Isle sur la Sorgue"]
[Date "2007.12.16"]
[Round "4.8"]
[White "Pecqueux, E."]
[Black "Khelif, Jihane"]
[Result "1/2-1/2"]
[WhiteElo "1816"]
[BlackElo "1790"]
[PlyCount "81"]
[EventDate "2007.12.16"]

1. d4 g6 2. e4 Bg7 3. Nf3 Nf6 4. e5 Nd5 5. c4 Nb6 6. c5 Nd5 7. Bc4 c6 8. O-O b6
9. cxb6 axb6 10. Qb3 e6 11. Bg5 Qc7 12. Rc1 Ba6 13. Bxd5 exd5 14. Qxd5 O-O 15.
Qe4 d6 16. exd6 Qxd6 17. Be7 Re8 18. Bxd6 Rxe4 19. Na3 c5 20. Nc4 Nd7 21. Nce5
Nxe5 22. dxe5 f6 23. Re1 Bb7 24. exf6 Bxf6 25. Be5 Bxe5 26. Rxe4 Bxe4 27. Nxe5
Bd5 28. a3 b5 29. Nd3 c4 30. Nb4 Bb7 31. Rc1 Rd8 32. f3 Rd2 33. Rc2 Rd6 34. Kf2
Kf7 35. Re2 Kf6 36. Nc2 g5 37. Kg3 h5 38. h4 Rd1 39. hxg5+ Kxg5 40. f4+ Kf6 41.
Re5 1/2-1/2

[Event "Monaco-Vitrolles"]
[Site "Monaco"]
[Date "2007.12.16"]
[Round "4.1"]
[White "Marciano, David"]
[Black "Midoux, Sebastien"]
[Result "1-0"]
[WhiteElo "2514"]
[BlackElo "2349"]
[PlyCount "153"]
[EventDate "2007.12.16"]

1. e4 c5 2. Nf3 d6 3. Bb5+ Nc6 4. Bxc6+ bxc6 5. O-O Bg4 6. h3 Bh5 7. Re1 e5 8.
c3 Nf6 9. d3 Be7 10. Be3 O-O 11. Nbd2 Nd7 12. Qa4 Qc7 13. d4 f6 14. Nh4 Rfb8
15. Nf5 Bf8 16. dxc5 Nxc5 17. Bxc5 dxc5 18. Nc4 Bf7 19. Red1 Be6 20. Rd2 Rd8
21. Rad1 Rxd2 22. Rxd2 Rd8 23. Rxd8 Qxd8 24. Nfe3 Qd3 25. Na3 Bxa2 26. Nac4
Bxc4 27. Qxc4+ Qxc4 28. Nxc4 Kf7 29. Na5 Ke6 30. Nxc6 Kd7 31. Na5 Kc7 32. Kf1
Kb6 33. Nc4+ Kb5 34. b3 a5 35. Na3+ Ka6 36. Nc4 Kb5 37. Nb2 g6 38. Ke2 Bh6 39.
Kd1 f5 40. f3 fxe4 41. fxe4 Bf4 42. Kc2 Bg3 43. Kd3 Bf4 44. Kc2 Bg3 45. Kd2
Bf4+ 46. Ke2 Bg3 47. Kd3 Bf4 48. Nc4 a4 49. Na3+ Ka5 50. Kc2 Bg3 51. Nc4+ Kb5
52. Nb2 axb3+ 53. Kxb3 Bf4 54. Nc4 Bg3 55. Na3+ Kc6 56. Kc4 Bf4 57. Nc2 Bd2 58.
Kb3 Bc1 59. Ne1 Kb5 60. c4+ Kc6 61. Ka4 Be3 62. Nd3 Bd4 63. Ka5 Bc3+ 64. Ka6
Bd4 65. Nc1 h5 66. Nb3 Be3 67. Na5+ Kc7 68. Kb5 Bd4 69. Nb3 Kd6 70. Kb6 Bf2 71.
Na5 Ke6 72. Kc6 Kf6 73. Kd5 Bd4 74. Nb7 Kg5 75. Nxc5 Kh4 76. Nd7 Kg3 77. Nxe5
1-0

[Event "Monaco-Vitrolles"]
[Site "Monaco"]
[Date "2007.12.16"]
[Round "4.2"]
[White "Gaudineau, Eric"]
[Black "Efimov, Igor"]
[Result "0-1"]
[WhiteElo "2335"]
[BlackElo "2446"]
[PlyCount "52"]
[EventDate "2007.12.16"]

1. e4 d6 2. d4 Nf6 3. Nc3 g6 4. f4 Bg7 5. e5 Nfd7 6. Nf3 O-O 7. Bc4 e6 8. Be3
a6 9. O-O b5 10. Bd3 Bb7 11. Qe1 c5 12. dxc5 dxe5 13. Be4 Nc6 14. Rd1 Qe7 15.
Qd2 Nxc5 16. Bxc6 Bxc6 17. Qd6 Qxd6 18. Rxd6 Bxf3 19. Bxc5 Rfc8 20. Rxf3 Rxc5
21. fxe5 Bxe5 22. Rd7 Rf8 23. Ra7 b4 24. Nd1 Rxc2 25. Rxa6 Rd8 26. Rf1 Rdd2 0-1

[Event "Monaco-Vitrolles"]
[Site "Monaco"]
[Date "2007.12.16"]
[Round "4.3"]
[White "Van Hoolandt, Patrick"]
[Black "Abello, Sebastien"]
[Result "1/2-1/2"]
[WhiteElo "2245"]
[BlackElo "2273"]
[PlyCount "43"]
[EventDate "2007.12.16"]

1. d4 Nf6 2. c4 c5 3. d5 b5 4. cxb5 a6 5. bxa6 g6 6. Nc3 Bxa6 7. g3 d6 8. Nf3
Bg7 9. Bg2 Nbd7 10. Rb1 O-O 11. O-O Qa5 12. Qc2 Rfb8 13. Rd1 Ng4 14. Bd2 Nge5
15. Nxe5 Nxe5 16. b3 Bc8 17. h3 Qa3 18. Kh2 Ba6 19. e4 Nd7 20. Bc1 Qa5 21. Bd2
Qa3 22. Bc1 1/2-1/2

[Event "Monaco-Vitrolles"]
[Site "Monaco"]
[Date "2007.12.16"]
[Round "4.4"]
[White "Cherki, Thomas"]
[Black "Lebel, Patrick"]
[Result "0-1"]
[WhiteElo "2208"]
[BlackElo "2184"]
[PlyCount "61"]
[EventDate "2007.12.16"]

1. e4 Nc6 2. d4 d5 3. Nc3 e6 4. Nf3 Bb4 5. e5 b6 6. h4 Bb7 7. h5 h6 8. Bd3 Qd7
9. Bd2 O-O-O 10. Ne2 Kb8 11. c3 Bf8 12. Nf4 Nge7 13. Qe2 Rg8 14. g4 Na5 15.
O-O-O c5 16. g5 cxd4 17. cxd4 Nc4 18. Rhg1 hxg5 19. Nxg5 Nc6 20. Bc3 Rc8 21.
Kb1 Nb4 22. a3 Nxd3 23. Qxd3 Ba6 24. Qf3 Bxa3 25. bxa3 Nxa3+ 26. Kb2 Qb5+ 27.
Kc1 Qb4 28. Kd2 Qb5 29. Ke1 Rxc3 30. Qg4 Qb2 31. Ne2 0-1

[Event "Monaco-Vitrolles"]
[Site "Monaco"]
[Date "2007.12.16"]
[Round "4.5"]
[White "Rouchouse, Stevens"]
[Black "Diaz, Mickael"]
[Result "1-0"]
[WhiteElo "2203"]
[BlackElo "2218"]
[PlyCount "85"]
[EventDate "2007.12.16"]

1. e4 c5 2. Nf3 Nc6 3. d4 cxd4 4. Nxd4 g6 5. c4 Bg7 6. Nc2 Nf6 7. Nc3 O-O 8.
Be2 b6 9. Be3 Bb7 10. f3 Rc8 11. Rc1 Nh5 12. Qd2 f5 13. exf5 gxf5 14. Bh6 Bxh6
15. Qxh6 Ng7 16. Rd1 Ne5 17. Rd4 Rc6 18. Qh3 Ng6 19. f4 Ne6 20. O-O Nxd4 21.
Nxd4 Rcf6 22. Bd3 e6 23. Qe3 Qb8 24. g3 e5 25. Nde2 exf4 26. Nxf4 Nxf4 27. Rxf4
Qd6 28. Rd4 Qe6 29. Qf2 f4 30. gxf4 Kh8 31. Ne2 Qg4+ 32. Qg3 Qh5 33. Qf2 Qg4+
34. Qg3 Qh5 35. Qf2 Rg8+ 36. Ng3 Qc5 37. Rxd7 Qxf2+ 38. Kxf2 Rxf4+ 39. Ke3 Rf3+
40. Kd2 Rf2+ 41. Ne2 Rg7 42. Rd8+ Rg8 43. Rd7 1-0

[Event "Monaco-Vitrolles"]
[Site "Monaco"]
[Date "2007.12.16"]
[Round "4.6"]
[White "Lecoq, Francois"]
[Black "Birens, Eric Andre"]
[Result "1/2-1/2"]
[WhiteElo "2010"]
[BlackElo "2040"]
[PlyCount "31"]
[EventDate "2007.12.16"]

1. c4 e5 2. g3 Nc6 3. Bg2 g6 4. e3 Bg7 5. Ne2 Nge7 6. O-O O-O 7. Nbc3 d6 8. a3
Be6 9. Nd5 Qd7 10. Qa4 Nf5 11. Rb1 Ncd4 12. Nec3 Qxa4 13. Nxa4 Ne2+ 14. Kh1 c6
15. Nc7 Rac8 16. Nxe6 {suite illisible} 1/2-1/2

[Event "Monaco-Vitrolles"]
[Site "Monaco"]
[Date "2007.12.16"]
[Round "4.7"]
[White "Roussiere, Christophe"]
[Black "Boghossian, Pierre"]
[Result "1-0"]
[WhiteElo "2108"]
[BlackElo "2029"]
[PlyCount "87"]
[EventDate "2007.12.16"]

1. e4 e6 2. d4 d5 3. Nc3 Bb4 4. e5 c5 5. Bd2 Nc6 6. Nb5 Bxd2+ 7. Qxd2 cxd4 8.
Nf3 f6 9. Nbxd4 Nh6 10. Nxc6 bxc6 11. Bd3 O-O 12. O-O f5 13. c4 Nf7 14. Rfe1
Qb6 15. Rac1 Rb8 16. b3 a5 17. c5 Qc7 18. Re2 h6 19. h4 Nh8 20. Nd4 Rb4 21. Bb1
Re8 22. a3 Rb8 23. Bd3 Ng6 24. h5 Ne7 25. f4 Kh7 26. Re3 Rg8 27. Kf2 g6 28.
hxg6+ Rxg6 29. Rh3 Ng8 30. Qe2 Qg7 31. g3 Bd7 32. Rch1 Rf8 33. Qd2 Ra8 34. Be2
Qe7 35. Qc2 Rb8 36. Rh4 Qg7 37. g4 fxg4 38. Rxg4 Ne7 39. Rhg1 Rf8 40. Bd3 Qxe5
41. Bxg6+ Kh8 42. Nf3 Rxf4 43. Rxf4 Qxf4 44. Qc3+ 1-0

[Event "Monaco-Vitrolles"]
[Site "Monaco"]
[Date "2007.12.16"]
[Round "4.8"]
[White "Hausard, Hilda"]
[Black "Lebel Arias, Julia"]
[Result "0-1"]
[WhiteElo "1949"]
[BlackElo "1948"]
[PlyCount "127"]
[EventDate "2007.12.16"]

1. e4 Nf6 2. e5 Nd5 3. d4 d6 4. Bc4 dxe5 5. Qf3 c6 6. dxe5 Be6 7. a3 Nd7 8. Qg3
g6 9. f4 N7b6 10. Bb3 Nc7 11. Ne2 Bxb3 12. Qxb3 Qd5 13. Qxd5 Ncxd5 14. Nbc3 e6
15. Nxd5 Nxd5 16. Bd2 O-O-O 17. O-O-O Bc5 18. c4 Ne7 19. Nc3 Nf5 20. Ne4 Be3
21. Nd6+ Nxd6 22. exd6 Bd4 23. Bc3 Bxc3 24. bxc3 c5 25. g4 Rd7 26. Rd3 Rhd8 27.
Rhd1 b6 28. Kc2 Kb7 29. Rh3 f5 30. gxf5 exf5 31. Re1 h5 32. Rg3 Rxd6 33. Re7+
Ka6 34. Re2 h4 35. Rh3 Rh8 36. Re7 g5 37. Rf7 g4 38. Re3 Rg6 39. Ree7 Ra8 40.
Rxf5 g3 41. hxg3 hxg3 42. Re1 g2 43. Rg1 Rag8 44. Rh5 Rg4 45. f5 Rxc4 46. Rh2
Rf4 47. Rgxg2 Rxg2+ 48. Rxg2 Rxf5 49. Rg4 Ka5 50. Re4 b5 51. Re2 c4 52. Kb2 Ka4
53. Rg2 a5 54. Rc2 Rf3 55. Ka2 b4 56. axb4 axb4 57. cxb4 Kxb4 58. Kb2 c3+ 59.
Ka2 Kc4 60. Rg2 Rf4 61. Rh2 Rd4 62. Kb1 Kb3 63. Kc1 Rg4 64. Rh1 0-1

[Event "Tournefeuille-Bordeaux ASPOM"]
[Site "Ramonville"]
[Date "2008.01.19"]
[Round "5.1"]
[White "Petrov, Marijan"]
[Black "Favarel, Julien"]
[Result "1/2-1/2"]
[WhiteElo "2492"]
[BlackElo "2284"]
[PlyCount "101"]
[EventDate "2008.01.19"]
[WhiteTeam "Tournefeuille"]
[BlackTeam "Bordeaux A.S.P.O.M."]

1. e4 c5 2. Nc3 Nc6 3. Nge2 Nf6 4. d4 cxd4 5. Nxd4 e5 6. Ndb5 d6 7. Bg5 a6 8.
Na3 b5 9. Nd5 Be7 10. Nxe7 Nxe7 11. f3 d5 12. exd5 Qxd5 13. c4 Qe6 14. cxb5 O-O
15. Be2 axb5 16. O-O b4 17. Nc4 Ba6 18. Rc1 Rfc8 19. b3 Nfd5 20. Bxe7 Nxe7 21.
Rf2 Nd5 22. Bf1 Nb6 23. Rd2 Nxc4 24. bxc4 g6 25. Rd6 Qe7 26. Qd2 Rd8 27. Rd1
Rxd6 28. Qxd6 Qxd6 29. Rxd6 Kg7 30. Kf2 Bc8 31. Rd2 Ra3 32. Rb2 Be6 33. Be2 Kf6
34. h4 Ke7 35. g4 Kd6 36. Rxb4 Rxa2 37. Ke3 Ra3+ 38. Bd3 h5 39. Rb6+ Kc7 40.
Rxe6 fxe6 41. g5 Kd6 42. Ke2 Ra2+ 43. Kf1 Rh2 44. Bxg6 Rxh4 45. Be4 Rh1+ 46.
Kg2 Rc1 47. Kg3 Ke7 48. c5 Rxc5 49. Kh4 Kf7 50. Kxh5 Kg7 51. Kg4 1/2-1/2

[Event "Tournefeuille-Bordeaux ASPOM"]
[Site "Ramonville"]
[Date "2008.01.19"]
[Round "5.2"]
[White "Le Huec, Marc"]
[Black "Drenchev, Petar"]
[Result "0-1"]
[WhiteElo "2204"]
[BlackElo "2426"]
[PlyCount "75"]
[EventDate "2008.01.19"]
[WhiteTeam "Bordeaux A.S.P.O.M."]
[BlackTeam "Tournefeuille"]

1. d4 Nf6 2. c4 e6 3. Nf3 c5 4. d5 exd5 5. cxd5 g6 6. Nc3 Bg7 7. g3 O-O 8. Bg2
d6 9. O-O Na6 10. h3 Nc7 11. a4 b6 12. e4 Bb7 13. Re1 Rb8 14. Bf4 Nh5 15. Bg5
Bf6 16. Bh6 Re8 17. g4 Ng7 18. Bf4 a6 19. e5 dxe5 20. Nxe5 b5 21. axb5 axb5 22.
Nc6 Rxe1+ 23. Qxe1 Bxc6 24. dxc6 Nge6 25. Bg3 Rc8 26. Rd1 Nd4 27. Ne4 Be7 28.
b4 Nce6 29. Nxc5 Bxc5 30. bxc5 Qf6 31. Qe3 Nxc6 32. Rd6 Na5 33. Bd5 Nc4 34.
Bxc4 bxc4 35. c6 Qe7 36. Rd7 Qe8 37. Rd6 Rxc6 38. Rxc6 0-1

[Event "Tournefeuille-Bordeaux ASPOM"]
[Site "Ramonville"]
[Date "2008.01.19"]
[Round "5.3"]
[White "Lacroix, Romain"]
[Black "Cousigne, Frederic"]
[Result "0-1"]
[WhiteElo "2161"]
[BlackElo "2192"]
[PlyCount "52"]
[EventDate "2008.01.19"]
[WhiteTeam "Tournefeuille"]
[BlackTeam "Bordeaux A.S.P.O.M."]

1. e4 e6 2. d4 d5 3. Nd2 Be7 4. c3 Nf6 5. e5 Nfd7 6. f4 O-O 7. Bd3 b6 8. Ne2
Ba6 9. Bc2 c5 10. O-O cxd4 11. cxd4 Qc7 12. Nf3 Rc8 13. Bb1 Nc6 14. f5 Nb4 15.
fxe6 fxe6 16. Bg5 Bf8 17. Bxh7+ Kxh7 18. Bd2 Qc2 19. Ng5+ Kg8 20. Qe1 Qg6 21.
h4 Nc2 22. Qf2 Bxe2 23. Qxe2 Nxd4 24. Qg4 Bc5 25. h5 Nxe5 26. Qh3 Qd3 0-1

[Event "Tournefeuille-Bordeaux ASPOM"]
[Site "Ramonville"]
[Date "2008.01.19"]
[Round "5.4"]
[White "Calas, Bernard"]
[Black "Garrel, Alain"]
[Result "1/2-1/2"]
[WhiteElo "2138"]
[BlackElo "2151"]
[PlyCount "30"]
[EventDate "2008.01.19"]
[WhiteTeam "Bordeaux A.S.P.O.M."]
[BlackTeam "Tournefeuille"]

1. Nc3 Nf6 2. e4 d5 3. exd5 Nxd5 4. Bc4 c6 5. Qh5 Be6 6. d3 Nd7 7. Nf3 N5f6 8.
Qh4 Bxc4 9. dxc4 e6 10. O-O Bd6 11. Ne4 Nxe4 12. Qxe4 O-O 13. b3 Be7 14. Bf4
Qa5 15. Rfd1 Nf6 1/2-1/2

[Event "Tournefeuille-Bordeaux ASPOM"]
[Site "Ramonville"]
[Date "2008.01.19"]
[Round "5.5"]
[White "Faure, Nicolas"]
[Black "Jaureguiberry, Cedric"]
[Result "1/2-1/2"]
[WhiteElo "2068"]
[BlackElo "2150"]
[PlyCount "54"]
[EventDate "2008.01.19"]
[WhiteTeam "Tournefeuille"]
[BlackTeam "Bordeaux A.S.P.O.M."]

1. e4 d6 2. d4 Nf6 3. Nc3 g6 4. Nf3 Bg7 5. Bc4 O-O 6. Qe2 Nc6 7. e5 dxe5 8.
dxe5 Ng4 9. e6 f5 10. O-O Nd4 11. Nxd4 Qxd4 12. Nd5 Qc5 13. b4 Qd6 14. Bf4 Be5
15. Nxe7+ Qxe7 16. Bxe5 Bxe6 17. Bd4 Rfe8 18. Rfe1 Kf7 19. h3 Nf6 20. Bxf6 Qxf6
21. Qd3 Rad8 22. Bxe6+ Rxe6 23. Qc4 c6 24. Rad1 Rxd1 25. Rxd1 Qe7 26. Re1 b5
27. Qb3 Kf6 1/2-1/2

[Event "Tournefeuille-Bordeaux ASPOM"]
[Site "Ramonville"]
[Date "2008.01.19"]
[Round "5.6"]
[White "Favarel, Antoine"]
[Black "Laurain, Dominique"]
[Result "1-0"]
[WhiteElo "2066"]
[BlackElo "2035"]
[PlyCount "73"]
[EventDate "2008.01.19"]
[WhiteTeam "Bordeaux A.S.P.O.M."]
[BlackTeam "Tournefeuille"]

1. e4 e6 2. d3 d5 3. Nd2 Nf6 4. Ngf3 c5 5. g3 b6 6. Bg2 Bb7 7. e5 Nfd7 8. O-O
Nc6 9. Re1 Qc7 10. Qe2 Be7 11. Nf1 h6 12. c3 g5 13. h3 O-O-O 14. g4 Nf8 15. Ng3
Ng6 16. a3 Kb8 17. Nh5 d4 18. c4 Rdf8 19. Bd2 a5 20. Rab1 Nf4 21. Bxf4 gxf4 22.
Nxf4 Rhg8 23. Nh5 Nd8 24. Nd2 Bxg2 25. Kxg2 Rg6 26. f4 Rfg8 27. Ne4 Nc6 28.
Nef6 Bxf6 29. Nxf6 Rxf6 30. exf6 Qxf4 31. Qf3 Qd6 32. Re4 Rg6 33. Rf1 Kc7 34.
Qf4 e5 35. Qf5 Qd7 36. Qxg6 fxg6 37. f7 1-0

[Event "Tournefeuille-Bordeaux ASPOM"]
[Site "Ramonville"]
[Date "2008.01.19"]
[Round "5.7"]
[White "Gelas, Alexandre"]
[Black "Garma, Jovanka"]
[Result "1/2-1/2"]
[WhiteElo "1699"]
[BlackElo "1770"]
[PlyCount "129"]
[EventDate "2008.01.19"]
[WhiteTeam "Tournefeuille"]
[BlackTeam "Bordeaux A.S.P.O.M."]

1. d4 d5 2. Nc3 e6 3. e4 dxe4 4. Nxe4 Nd7 5. Bg5 Be7 6. Nf3 Ngf6 7. Bxf6 Nxf6
8. Bb5+ c6 9. Bd3 b6 10. c3 Bb7 11. Nfg5 h6 12. Nf3 Qd7 13. Ne5 Qd5 14. f3 Rc8
15. Qe2 Qd8 16. O-O Nd5 17. f4 Nf6 18. a3 c5 19. Bb5+ Kf8 20. Nxf6 Bxf6 21.
Nd7+ Kg8 22. Nxf6+ Qxf6 23. Qe5 Qg6 24. Rf2 cxd4 25. Bd7 Ra8 26. Qxd4 Kh7 27.
Bb5 Rhd8 28. Qe3 Rd6 29. g3 Rad8 30. Re1 h5 31. Ree2 Qg4 32. Rd2 Rxd2 33. Rxd2
Rxd2 34. Qxd2 Qf3 35. Qd3+ g6 36. Qxf3 Bxf3 37. Kf2 Bb7 38. b4 Kg7 39. Ke3 Kf6
40. Bd3 e5 41. Be4 exf4+ 42. Kxf4 Ba6 43. Ke3 Ke5 44. a4 f5 45. Bd3 Bb7 46. h4
a5 47. b5 Bd5 48. c4 Be6 49. Be2 Kd6 50. Kd4 Bd7 51. Bf3 Be8 52. Bd5 Bd7 53.
Bf7 g5 54. hxg5 f4 55. gxf4 h4 56. g6 h3 57. g7 h2 58. Bd5 Be6 59. Bh1 Bf7 60.
f5 Bg8 61. f6 Bf7 62. Bd5 Bxd5 63. cxd5 h1=Q 64. g8=Q Qd1+ 65. Ke3 1/2-1/2

[Event "Tournefeuille-Bordeaux ASPOM"]
[Site "Ramonville"]
[Date "2008.01.19"]
[Round "5.8"]
[White "Gillet, Noel"]
[Black "Cwiek, Perrine"]
[Result "0-1"]
[WhiteElo "1760"]
[BlackElo "1760"]
[PlyCount "62"]
[EventDate "2008.01.19"]
[WhiteTeam "Bordeaux A.S.P.O.M."]
[BlackTeam "Tournefeuille"]

1. d4 d5 2. c4 c6 3. Nf3 Nf6 4. Nc3 e6 5. Bg5 Be7 6. e3 Nbd7 7. Bd3 dxc4 8.
Bxc4 b5 9. Bb3 a6 10. Rc1 Bb7 11. O-O O-O 12. Ne5 Nxe5 13. dxe5 Ne8 14. Qxd8
Bxd8 15. Bxd8 Rxd8 16. Ne4 Nc7 17. Nc5 Bc8 18. Rfd1 Nd5 19. Ne4 Bb7 20. Nd6 Ba8
21. Bxd5 exd5 22. e4 f6 23. exd5 cxd5 24. f4 fxe5 25. fxe5 Rf4 26. Rc7 d4 27.
Ra7 Bd5 28. Rxa6 Rdf8 29. Nxb5 Rf2 30. g3 Rg2+ 31. Kh1 Rxg3# 0-1

[Event "Echiquier Bordelais-Saint Affrique"]
[Site "Ramonville"]
[Date "2008.01.19"]
[Round "5.1"]
[White "Lemeaux, David"]
[Black "Georgiev, Krum"]
[Result "0-1"]
[WhiteElo "2221"]
[BlackElo "2466"]
[PlyCount "90"]
[EventDate "2008.01.19"]
[WhiteTeam "Echiquier Bordelais"]
[BlackTeam "Saint Affrique"]

1. d4 g6 2. Nf3 Bg7 3. c4 c6 4. Nc3 d6 5. g3 Nf6 6. Bg2 O-O 7. O-O Qa5 8. h3
Be6 9. Qd3 Qa6 10. b3 d5 11. Nd2 Nbd7 12. Nd1 Rad8 13. Bb2 c5 14. Qf3 cxd4 15.
Bxd4 dxc4 16. Qxb7 Qxb7 17. Bxb7 Bxh3 18. Re1 Nb6 19. Bxb6 Rxd2 20. Be3 Rd7 21.
Bf3 Nd5 22. Rc1 Nxe3 23. Nxe3 cxb3 24. axb3 Be6 25. b4 Rb8 26. b5 Bh6 27. Bc6
Rc7 28. Red1 Kg7 29. Ra1 Bxe3 30. fxe3 Rb6 31. Kf2 Bc8 32. Be8 a6 33. Rdc1 Rxc1
34. Rxc1 Bg4 35. bxa6 Rf6+ 36. Ke1 Rxa6 37. Bb5 Rf6 38. Rc4 h5 39. Rf4 e5 40.
Rxf6 Kxf6 41. Kf2 e4 42. Bc6 Ke5 43. Bb5 g5 44. Be8 f5 45. Bf7 Kd6 0-1

[Event "Echiquier Bordelais-Saint Affrique"]
[Site "Ramonville"]
[Date "2008.01.19"]
[Round "5.2"]
[White "Djingarova, Emilia"]
[Black "Faber, Michel"]
[Result "0-1"]
[WhiteElo "2296"]
[BlackElo "2250"]
[PlyCount "132"]
[EventDate "2008.01.19"]
[WhiteTeam "Saint Affrique"]
[BlackTeam "Echiquier Bordelais"]

1. Nf3 Nf6 2. g3 g6 3. Bg2 c5 4. c4 Nc6 5. O-O Bg7 6. d4 cxd4 7. Nxd4 Qb6 8.
Nb3 d6 9. Nc3 O-O 10. Bg5 Be6 11. Nd5 Bxd5 12. cxd5 Nb4 13. a3 Na6 14. Be3 Qb5
15. a4 Qd7 16. Qd2 Rfc8 17. Nd4 Nc7 18. Nb3 Na6 19. Na5 Nc5 20. Qb4 Rc7 21. Qh4
Qg4 22. Qxg4 Nxg4 23. Bxc5 Rxc5 24. Nxb7 Rc2 25. h3 Ne5 26. f4 Nd7 27. Bf3 Bxb2
28. Rab1 Kf8 29. e3 Rac8 30. Bd1 Rd2 31. Rf2 Bc3 32. Rxd2 Bxd2 33. Kf2 Rb8 34.
Bc2 Nb6 35. Ke2 Rxb7 36. Kxd2 Nc4+ 37. Kd3 Rxb1 38. Bxb1 Nb2+ 39. Kc3 Nxa4+ 40.
Kb4 Nb6 41. Ba2 Nd7 42. Kb5 Nc5 43. Bb1 Ke8 44. Kc6 a5 45. e4 Nb3 46. e5 Nd4+
47. Kc7 a4 48. exd6 Nb5+ 49. Kb6 Nc3 50. dxe7 Kxe7 51. Kc6 Kd8 52. Bc2 a3 53.
Bb3 a2 54. Bxa2 Nxa2 55. Kd6 Nc3 56. Ke5 Nb5 57. Kf6 Nd6 58. g4 Ke8 59. Kg7 Ne4
60. Kxh7 Nf2 61. f5 gxf5 62. gxf5 Nxh3 63. d6 Nf4 64. Kg7 Nh5+ 65. Kg8 Nf6+ 66.
Kh8 Kf8 0-1

[Event "Echiquier Bordelais-Saint Affrique"]
[Site "Ramonville"]
[Date "2008.01.19"]
[Round "5.3"]
[White "Passager, Jean Pierre"]
[Black "Boyd, Stephen"]
[Result "1-0"]
[WhiteElo "2227"]
[BlackElo "2336"]
[PlyCount "129"]
[EventDate "2008.01.19"]
[WhiteTeam "Echiquier Bordelais"]
[BlackTeam "Saint Affrique"]

1. d4 g6 2. c4 Bg7 3. Nf3 d6 4. g3 Nf6 5. Nc3 O-O 6. Bg2 Nbd7 7. O-O e5 8. e4
a6 9. Qc2 b5 10. dxe5 dxe5 11. cxb5 axb5 12. Rd1 b4 13. Nd5 Nxd5 14. Rxd5 c5
15. Bg5 Qc7 16. Qd2 Nf6 17. Bxf6 Bxf6 18. Rc1 Rxa2 19. Rdxc5 Qb8 20. Bf1 Rd8
21. Qc2 b3 22. Qc3 Be6 23. Bc4 Bxc4 24. Rxc4 Qb5 25. Rb4 Qa6 26. Rxb3 Qe2 27.
Qc2 Qxc2 28. Rxc2 Rd1+ 29. Kg2 h5 30. Rb7 g5 31. h3 Raa1 32. g4 hxg4 33. hxg4
Ra4 34. b4 Rb1 35. Nd2 Rbxb4 36. Rxb4 Rxb4 37. f3 Be7 38. Nc4 f6 39. Ne3 Rb7
40. Nd5 Kf7 41. Kf2 Bd8 42. Ke2 Ra7 43. Rc3 Be7 44. Kd3 Ra3 45. Rxa3 Bxa3 46.
Kc4 Be7 47. Kb5 Ke6 48. Kc6 Bd8 49. Ne3 Be7 50. Kc7 Bd6+ 51. Kd8 Kf7 52. Kd7
Bb4 53. Nf5 Ba3 54. Nd6+ Kg6 55. Ke6 Bxd6 56. Kxd6 Kh6 57. Kd5 Kg7 58. Kc5 Kg6
59. Kc6 Kg7 60. Kc7 Kg6 61. Kd8 Kh7 62. Kd7 Kh6 63. Ke8 Kg7 64. Ke7 Kg6 65. Kf8
1-0